Statistics for Countries Bordering Unknown Country #7

Click here to take the quiz!

General Stats

  • This quiz has been taken 612 times
  • The average score is 6 of 6

Answer Stats

Bordering Country% Correct
BBulgaria
99%
HHungary
99%
MMoldova
99%
UUkraine
99%
SSerbia
98%
Romania
94%

Score Distribution

Percentile by Number Answered

Percent of People with Each Score

Your Score History

You have not taken this quiz